Normal view
MARC view
- ESTADOS UNIDOS -
Entry Nombre Geográfico
001 - NÚMERO DE CONTROL
- campo de control: 8741
003 - IDENTIFICADOR DE NUMERO DE CONTROL
- campo de control: UPN
005 - FECHA Y HORA DE LA ÜLTIMA TRANSACCIÓN
- campo de control: 20210219193729.0
008 - DATOS DE LONGITUD FIJA
- campo de control de longitud fija: nabaccnnaabn|||||||||| b |nc|||||d
035 ## - NÚMERO DE CONTROL
- Número de control: UPN10000008747
040 ## - FUENTE DE CATALOGACIÓN
- Lenguaje de catalogación: SPA
- Agencia de transcripción: UPN
151 ## - ENCABEZAMIENTO - NOMBRE GEOGRÁFICO
- Nombre geográfico: ESTADOS UNIDOS -
- Subdivisión general : POLITICA Y GOBIERNO -
- Subdivisión cronológica : 2001-
670 ## - FUENTE EN LA QUE SE LOCALIZARON DATOS
- Cita de la fuente: LC/P
- Información localizada: United States - Politics and government - 2001-
902 ## - CATALOGADOR
- Catalogador: CAA/060208
